00265nam a2200085Ia 4500008004100000100001400041245008600055260003000141300000800171201231s9999 xx 000 0 und d aGill, S S 4aThe Dynasty: A Polititical biography of the premier ruling family of modern India aNew DelhibHarper Collins a568